History Quiz

Random History or Grab Bag Quiz

History Speed-Picking Quiz Stats

Quiz Updated Feb 11, 2016

Challenge
Share
Tweet
Embed
Score 0/50 Timer 02:00
50 Plays Today
% Correct
Franklin D. Roosevelt
94.5%
Dwight Eisenhower
93.6%
Bill Clinton
92.3%
Jimmy Carter
90.8%
World War II
89.6%
Winston Churchill
89%
Abraham Lincoln
87.1%
Margaret Thatcher
86.9%
David Cameron
83.9%
Neville Chamberlain
83.9%
Calvin Coolidge
83.8%
Martin Luther King, Jr.
82.3%
Spanish-American
80.8%
Telephone
80%
Telegraph
79.3%
Light Bulb
78.7%
Julius Caesar
75.2%
Safety Pin
74%
Dynamite
73.7%
Qing
72.4%
Gordon Brown
71.4%
French and Indian
70.9%
First Sino-Japanese
70.4%
Zhou
69%
Shang
66.2%
% Correct
Han
63.5%
Mahatma Gandhi
63.4%
Franz Ferdinand
63.2%
Second Punic
60.7%
Ottoman
59.6%
Holy Roman
59.1%
Byzantine
59%
Aztec
57%
Claude Monet
55%
Vincent Van Gogh
54.4%
Pablo Picasso
52.7%
Assyrian
50.9%
Edouard Manet
50.8%
Michelangelo
48.5%
Song
44.3%
Marco Polo
43.6%
Vasco Da Gama
41.4%
Leif Erikson
39.4%
Augustus
33.4%
Marcus Aurelius
32%
Bartholomew Dias
31.8%
Nero
29.6%
Vespasian
24.9%
Trajan
23.6%
Zheng He
19.7%

You're not logged in!

Compare scores with friends on all Sporcle quizzes.
Sign Up with Email
OR
Log In

You Might Also Like...

Show Comments

Extras

Top Quizzes Today


Score Distribution

Your Account Isn't Verified!

In order to create a playlist on Sporcle, you need to verify the email address you used during registration. Go to your Sporcle Settings to finish the process.